Catálogo

LA MATERIA DEL TIEMPO (Registro nro. 31152)

Detalles MARC
000 -LEADER
fixed length control field 00508nam a2200193 a 4500
001 - CONTROL NUMBER
control field 31152
005 - DATE AND TIME OF LATEST TRANSACTION
control field 20180713234516.0
008 - FIXED-LENGTH DATA ELEMENTS--GENERAL INFORMATION
fixed length control field 140415s1983 000 0 spa d
020 ## - INTERNATIONAL STANDARD BOOK NUMBER
International Standard Book Number 9684342764
041 ## - LANGUAGE CODE
Language code of text/sound track or separate title spa
082 ## - DEWEY DECIMAL CLASSIFICATION NUMBER
Classification number 869
Item number MEI
100 1# - MAIN ENTRY--PERSONAL NAME
Personal name MEIRELES, CECILIA
245 13 - TITLE STATEMENT
Title LA MATERIA DEL TIEMPO
260 ## - PUBLICATION, DISTRIBUTION, ETC.
Place of publication, distribution, etc. [s.l.] :
Name of publisher, distributor, etc. PREMIA EDITORA DE LIBROS,
Date of publication, distribution, etc. 1983
300 ## - PHYSICAL DESCRIPTION
Extent 96
490 ## - SERIES STATEMENT
Series statement LIBROS DEL BICHO
Volume/sequential designation 51
650 14 - SUBJECT ADDED ENTRY--TOPICAL TERM
Topical term or geographic name entry element LITERATURA PORTUGUESA
700 1# - ADDED ENTRY--PERSONAL NAME
Personal name TERAN MARICELA
Relator term tr.
Existencias
Withdrawn status Lost status Source of classification or shelving scheme Damaged status Not for loan Collection code Home library Current library Shelving location Date acquired Source of acquisition Inventory number Total Checkouts Full call number Barcode Date last seen Price effective from Koha item type
    Dewey Decimal Classification     General Biblioteca Karol Wojtyla Biblioteca Karol Wojtyla Sala general 03/12/2013 Compra 151000000000000000034892   869 MEI 50582 05/01/2026 03/12/2013 Libro